California Adventure Attraction Map Clickable Quiz Stats

 Plays Quiz not verified by Sporcle

Score 0/24 Timer 10:00
0 Plays Today
% Correct
Screamin
95.9%
Grizzly River Run
93.1%
Radiator Springs Racers
90.7%
Mickey's Fun Wheel
89.8%
Guardians of the Galaxy
89.6%
World of Color
87%
Redwood Creek Challenge Trail
85.2%
Junkyard Jamboree
84.5%
Heimlich
83.2%
Symphony Swings
83.2%
Ariel
82.4%
Turtle Talk
80.1%
% Correct
Luigi
79.1%
Monsters, Inc.
77.5%
Soarin'
76.8%
Sky School
76.6%
Toy Story Mania
75.9%
Zephyr
73.8%
Jellyfish
72.5%
Tuck and Roll
69.7%
Flik's Flyers
69.5%
ITtbaB!
69%
Carousel
67.8%
Ladybug Boogie
54.2%

You're not logged in!

Compare scores with friends on all Sporcle quizzes.
OR
Log In

Show Comments

Extras

Top Quizzes Today


Score Distribution

Your Account Isn't Verified!

In order to create a playlist on Sporcle, you need to verify the email address you used during registration. Go to your Sporcle Settings to finish the process.

Report this User

Report this user for behavior that violates our Community Guidelines.

Details: